[Event "Winter Chess"]
[Site "?"]
[Date "2014.01.03"]
[Round "7.1"]
[White "Bremner, Adam"]
[Black "Michielsen, Joost"]
[Result "0-1"]
[LiveChessVersion "1.4.2"]
[BlackElo "2343"]
[WhiteElo "2189"]

1. d4 {[%clk 1:29:36]} d5 {[%clk 1:30:54]} 2. c4 {[%clk 1:29:59]} c6
{[%clk 1:31:20]} 3. cxd5 {[%clk 1:30:24]} cxd5 {[%clk 1:31:45]} 4. Bf4
{[%clk 1:30:48]} Nc6 {[%clk 1:32:06]} 5. e3 {[%clk 1:31:12]} Nf6 {[%clk 1:32:27]}
6. Nc3 {[%clk 1:31:36]} Bg4 {[%clk 1:32:47]} 7. Qb3 {[%clk 1:31:57]} Na5
{[%clk 1:33:07]} 8. Qa4+ {[%clk 1:32:19]} Bd7 {[%clk 1:33:29]} 9. Bb5
{[%clk 1:32:43]} e6 {[%clk 1:25:28]} 10. Bxd7+ {[%clk 1:32:46]} Nxd7
{[%clk 1:25:52]} 11. Nf3 {[%clk 1:33:09]} a6 {[%clk 1:25:31]} 12. Rc1
{[%clk 1:25:29]} Nc4 {[%clk 1:18:57]} 13. Qc2 {[%clk 1:21:14]} Rc8
{[%clk 1:13:28]} 14. Nd2 {[%clk 1:17:16]} b5 {[%clk 1:12:28]} 15. Nxc4 dxc4
{[%clk 1:12:28]} 16. O-O Be7 {[%clk 1:12:28]} 17. d5 e5 {[%clk 1:12:28]} 18. Bg3
O-O {[%clk 1:12:28]} 19. Rcd1 Bd6 {[%clk 1:12:28]} 20. e4 Nc5 {[%clk 1:12:28]}
21. a3 Nd3 {[%clk 1:12:28]} 22. Na2 g6 {[%clk 1:12:28]} 23. Nc1 f5
{[%clk 1:12:28]} 24. f3 fxe4 {[%clk 1:12:28]} 25. fxe4 Qb6+ {[%clk 1:12:28]} 26.
Kh1 Qe3 {[%clk 1:12:28]} 27. Rxf8+ Rxf8 {[%clk 1:12:28]} 28. Nxd3 cxd3
{[%clk 1:12:28]} 29. Qc6 d2 {[%clk 1:12:28]} 30. h4 Qxg3 {[%clk 1:12:28]} 31.
Qxd6 Qxh4+ {[%clk 1:12:28]} 32. Kg1 Qe1+ {[%clk 1:12:28]} 33. Kh2 Qxd1
{[%clk 1:12:28]} 34. Qe6+ Kg7 {[%clk 1:12:28]} 35. Qe7+ Rf7 {[%clk 1:12:28]} 36.
Qxe5+ Kh6 {[%clk 1:12:28]} 0-1

[Event "Winter Chess"]
[Site "?"]
[Date "2014.01.03"]
[Round "7.2"]
[White "Berry, Neil"]
[Black "Green, Andrew"]
[Result "1/2-1/2"]
[LiveChessVersion "1.4.2"]
[BlackElo "2148"]
[WhiteElo "2242"]

1. d4 {[%clk 1:26:24]} Nf6 {[%clk 1:30:37]} 2. c4 {[%clk 1:26:42]} c5
{[%clk 1:31:01]} 3. d5 {[%clk 1:27:02]} b5 {[%clk 1:31:27]} 4. Qc2
{[%clk 1:27:17]} bxc4 {[%clk 1:31:10]} 5. e4 {[%clk 1:27:19]} d6 {[%clk 1:29:52]}
6. Bxc4 {[%clk 1:26:39]} g6 {[%clk 1:30:06]} 7. Nf3 {[%clk 1:25:42]} Bg7
{[%clk 1:30:13]} 8. O-O {[%clk 1:25:13]} O-O {[%clk 1:30:22]} 9. Nc3
{[%clk 1:25:07]} Ba6 {[%clk 1:29:54]} 10. Nb5 {[%clk 1:24:09]} Ne8
{[%clk 1:22:06]} 11. Bd2 {[%clk 0:59:32]} Nc7 {[%clk 1:20:19]} 12. Ba5
{[%clk 0:54:29]} Bxb5 {[%clk 1:20:40]} 13. Bxb5 {[%clk 0:54:51]} Qc8
{[%clk 1:20:49]} 14. Be2 {[%clk 0:51:43]} Nd7 {[%clk 1:19:37]} 15. Rab1
{[%clk 0:44:23]} Rb8 {[%clk 1:14:38]} 16. b4 {[%clk 0:26:13]} a6 {[%clk 0:43:44]}
17. bxc5 {[%clk 0:15:15]} Nxc5 {[%clk 0:38:57]} 18. Rxb8 {[%clk 0:14:49]} Qxb8
{[%clk 0:39:23]} 19. Rb1 {[%clk 0:11:45]} Nb5 {[%clk 0:33:54]} 20. Bb4
{[%clk 0:03:33]} Rc8 {[%clk 0:23:56]} 21. Bxb5 {[%clk 0:03:07]} Qxb5
{[%clk 0:23:03]} 22. Be1 Qd7 {[%clk 0:23:03]} 23. h3 Qc7 {[%clk 0:23:03]} 24. Nd2
Rb8 {[%clk 0:23:03]} 1/2-1/2

[Event "Winter Chess"]
[Site "?"]
[Date "2014.01.03"]
[Round "7.3"]
[White "Kilpatrick, Callum"]
[Black "Steil-Antoni, Fiona"]
[Result "1-0"]
[LiveChessVersion "1.4.2"]
[BlackElo "2190"]
[WhiteElo "2350"]

1. e4 {[%clk 1:24:12]} c6 {[%clk 1:30:58]} 2. Nc3 {[%clk 1:23:06]} d5
{[%clk 1:31:03]} 3. Nf3 {[%clk 1:23:28]} Bg4 {[%clk 1:31:11]} 4. h3
{[%clk 1:23:33]} Bxf3 {[%clk 1:31:32]} 5. Qxf3 {[%clk 1:23:57]} e6
{[%clk 1:31:45]} 6. Be2 {[%clk 1:24:04]} Nf6 {[%clk 1:32:00]} 7. O-O
{[%clk 1:24:17]} Bc5 {[%clk 1:31:57]} 8. d3 {[%clk 1:20:15]} O-O {[%clk 1:31:35]}
9. Qg3 {[%clk 1:05:24]} Nbd7 {[%clk 1:31:01]} 10. Na4 {[%clk 0:54:09]} Bd4
{[%clk 1:18:39]} 11. c3 {[%clk 0:46:51]} Be5 {[%clk 1:18:23]} 12. f4
{[%clk 0:46:34]} Bc7 {[%clk 1:17:59]} 13. e5 {[%clk 0:45:51]} b5 {[%clk 1:12:17]}
14. exf6 {[%clk 0:45:51]} Qxf6 {[%clk 1:12:29]} 15. Bd1 {[%clk 0:42:56]} Rac8
{[%clk 1:07:10]} 16. Be3 {[%clk 0:33:19]} bxa4 {[%clk 1:06:24]} 17. Bxa4
{[%clk 0:33:45]} Bb6 {[%clk 1:05:33]} 18. d4 {[%clk 0:34:02]} Qg6
{[%clk 1:03:44]} 19. Qf2 {[%clk 0:33:23]} f5 {[%clk 1:03:22]} 20. c4
{[%clk 0:31:10]} Nf6 {[%clk 0:59:34]} 21. c5 {[%clk 0:31:28]} Ne4
{[%clk 0:58:28]} 22. Qe2 {[%clk 0:27:58]} Ba5 {[%clk 0:44:09]} 23. Qa6
{[%clk 0:19:18]} Bd2 {[%clk 0:42:46]} 24. Bxd2 {[%clk 0:17:04]} Nxd2
{[%clk 0:43:14]} 25. Rfd1 {[%clk 0:16:01]} Ne4 {[%clk 0:42:39]} 26. Rd3
{[%clk 0:13:08]} Qe8 {[%clk 0:41:37]} 27. b4 {[%clk 0:12:18]} Qd7
{[%clk 0:38:39]} 28. b5 {[%clk 0:08:27]} cxb5 {[%clk 0:38:13]} 29. Qxb5
{[%clk 0:08:55]} Qxb5 {[%clk 0:36:23]} 30. Bxb5 {[%clk 0:09:24]} Rc7
{[%clk 0:36:29]} 31. Ba6 {[%clk 0:08:52]} Kf7 {[%clk 0:35:46]} 32. Rb1
{[%clk 0:08:34]} Re8 {[%clk 0:32:32]} 33. Ra3 {[%clk 0:05:27]} Ree7
{[%clk 0:31:50]} 34. h4 {[%clk 0:05:49]} g6 {[%clk 0:31:17]} 35. Rb8
{[%clk 0:05:05]} h6 {[%clk 0:30:12]} 36. Rab3 {[%clk 0:03:10]} g5
{[%clk 0:24:42]} 37. hxg5 {[%clk 0:01:27]} hxg5 {[%clk 0:25:10]} 38. g3
{[%clk 0:01:21]} gxf4 {[%clk 0:21:25]} 39. gxf4 {[%clk 0:01:49]} Kf6
{[%clk 0:21:38]} 40. Rf8+ {[%clk 0:01:50]} Rf7 {[%clk 0:21:31]} 41. Rxf7+
{[%clk 0:26:46]} Rxf7 {[%clk 0:50:06]} 42. Rb8 {[%clk 0:21:45]} Rg7+
{[%clk 0:47:32]} 43. Kf1 {[%clk 0:21:43]} Rh7 {[%clk 0:43:43]} 44. Rf8+
{[%clk 0:10:08]} Ke7 {[%clk 0:40:41]} 45. Ra8 {[%clk 0:10:29]} Kf6
{[%clk 0:40:50]} 46. c6 {[%clk 0:09:01]} Rc7 {[%clk 0:37:34]} 47. Bb7
{[%clk 0:08:05]} Nd6 {[%clk 0:33:08]} 48. Rxa7 {[%clk 0:08:28]} Nb5
{[%clk 0:33:20]} 49. Ra4 {[%clk 0:08:37]} Ke7 {[%clk 0:30:43]} 50. Rb4
{[%clk 0:06:32]} Na7 {[%clk 0:27:51]} 51. Rb6 {[%clk 0:07:01]} Kd6
{[%clk 0:28:09]} 52. a4 {[%clk 0:03:48]} Nxc6 {[%clk 0:26:46]} 53. Ke2
{[%clk 0:03:44]} Rxb7 {[%clk 0:24:04]} 54. Rxb7 {[%clk 0:04:13]} Nxd4+
{[%clk 0:24:24]} 55. Kd3 {[%clk 0:04:20]} Nc6 {[%clk 0:23:04]} 56. Rb6
{[%clk 0:03:34]} Kc7 {[%clk 0:21:38]} 57. Rb5 {[%clk 0:03:52]} Na7
{[%clk 0:21:22]} 58. Rb1 {[%clk 0:03:41]} Nc6 {[%clk 0:21:37]} 59. Rb2
{[%clk 0:01:48]} Kd6 {[%clk 0:21:11]} 60. Rb6 {[%clk 0:01:52]} Kc7
{[%clk 0:21:07]} 61. a5 {[%clk 0:01:48]} Nxa5 {[%clk 0:18:15]} 62. Rxe6
{[%clk 0:02:14]} Nc6 {[%clk 0:18:39]} 63. Rf6 {[%clk 0:01:52]} Kd7
{[%clk 0:12:54]} 64. Kc3 {[%clk 0:01:05]} Kc7 {[%clk 0:10:07]} 65. Kd3
{[%clk 0:01:33]} Kb6 {[%clk 0:09:51]} 66. Rxf5 {[%clk 0:01:26]} Kc5
{[%clk 0:10:20]} 67. Rf8 {[%clk 0:01:06]} Nb4+ {[%clk 0:10:34]} 68. Ke3
{[%clk 0:00:59]} Nc2+ {[%clk 0:09:39]} 69. Kd2 {[%clk 0:00:58]} Nd4
{[%clk 0:09:55]} 70. Kd3 {[%clk 0:01:13]} Nc6 {[%clk 0:08:57]} 71. Rf6
{[%clk 0:00:59]} Nb4+ {[%clk 0:08:58]} 72. Ke3 {[%clk 0:01:05]} d4+
{[%clk 0:09:13]} 73. Ke4 {[%clk 0:01:07]} d3 {[%clk 0:08:41]} 74. Rf8
{[%clk 0:00:54]} Kc4 {[%clk 0:07:15]} 75. Rd8 {[%clk 0:01:09]} Kc3
{[%clk 0:05:56]} 76. f5 {[%clk 0:01:14]} d2 {[%clk 0:05:46]} 77. f6
{[%clk 0:01:29]} Na6 {[%clk 0:04:04]} 78. f7 {[%clk 0:01:00]} Nc5+
{[%clk 0:04:16]} 79. Ke3 {[%clk 0:01:24]} 1-0

[Event "Winter Chess"]
[Site "?"]
[Date "2014.01.03"]
[Round "7.4"]
[White "MacQueen, Calum"]
[Black "McNab, Colin"]
[Result "1/2-1/2"]
[LiveChessVersion "1.4.2"]
[BlackElo "2457"]
[WhiteElo "2240"]

1. d4 {[%clk 1:30:47]} d6 {[%clk 1:30:45]} 2. Nf3 {[%clk 1:31:13]} g6
{[%clk 1:31:02]} 3. c4 {[%clk 1:29:42]} Bg7 {[%clk 1:31:23]} 4. e4
{[%clk 1:29:25]} e5 {[%clk 1:31:07]} 5. Bg5 {[%clk 1:24:33]} Ne7 {[%clk 1:24:57]}
6. Nc3 {[%clk 1:22:18]} h6 {[%clk 1:24:36]} 7. Be3 {[%clk 1:21:11]} Nd7
{[%clk 1:23:06]} 8. dxe5 {[%clk 1:03:24]} Nxe5 {[%clk 1:15:02]} 9. Nxe5
{[%clk 1:02:22]} dxe5 {[%clk 1:11:41]} 10. Nd5 {[%clk 0:46:21]} c6
{[%clk 1:08:04]} 11. Nxe7 {[%clk 0:45:41]} Qxe7 {[%clk 1:08:07]} 12. Qd2
{[%clk 0:45:39]} O-O {[%clk 1:02:55]} 13. O-O-O {[%clk 0:43:59]} Be6
{[%clk 0:57:23]} 14. Be2 {[%clk 0:43:21]} Rfd8 {[%clk 0:55:27]} 15. Qc2
{[%clk 0:43:21]} b5 {[%clk 0:53:40]} 16. Kb1 {[%clk 0:40:03]} a6 {[%clk 0:51:18]}
17. h3 {[%clk 0:37:45]} Kh7 {[%clk 0:48:37]} 18. Rxd8 {[%clk 0:34:54]} Rxd8
{[%clk 0:48:30]} 19. Rd1 {[%clk 0:35:07]} h5 {[%clk 0:37:55]} 20. Rxd8
{[%clk 0:33:44]} Qxd8 {[%clk 0:38:18]} 21. Qd2 {[%clk 0:34:06]} Qc7
{[%clk 0:30:01]} 22. Qc3 {[%clk 0:31:20]} Qb7 {[%clk 0:28:09]} 23. f3
{[%clk 0:29:48]} b4 {[%clk 0:26:13]} 24. Qd2 {[%clk 0:28:03]} Qe7
{[%clk 0:22:54]} 25. Kc2 {[%clk 0:24:49]} Bf8 {[%clk 0:22:41]} 26. b3
{[%clk 0:23:27]} Qc7 {[%clk 0:21:45]} 27. g4 {[%clk 0:21:45]} hxg4
{[%clk 0:18:42]} 28. hxg4 {[%clk 0:22:08]} Be7 {[%clk 0:17:08]} 29. Bd1
{[%clk 0:21:00]} Kg8 {[%clk 0:16:41]} 30. Kb1 {[%clk 0:19:23]} Qb8
{[%clk 0:13:46]} 31. Qh2 {[%clk 0:18:15]} Qd8 {[%clk 0:13:08]} 32. Qd2
{[%clk 0:17:58]} Qxd2 {[%clk 0:09:42]} 33. Bxd2 {[%clk 0:18:24]} Bc5
{[%clk 0:09:44]} 34. Kc2 {[%clk 0:16:59]} Kg7 {[%clk 0:08:45]} 35. Kd3
{[%clk 0:17:12]} Kf6 {[%clk 0:06:46]} 36. Be2 {[%clk 0:17:16]} a5
{[%clk 0:06:16]} 37. Bc1 {[%clk 0:15:51]} Ke7 {[%clk 0:04:35]} 38. Bh6
{[%clk 0:15:38]} f6 {[%clk 0:03:35]} 39. Bd2 {[%clk 0:15:52]} Kd7
{[%clk 0:01:51]} 40. Be1 {[%clk 0:15:45]} f5 {[%clk 0:01:39]} 41. Bg3
{[%clk 0:11:43]} fxg4 {[%clk 0:26:08]} 42. fxg4 {[%clk 0:43:09]} Bd4
{[%clk 0:23:15]} 43. Bh4 {[%clk 0:43:10]} Bb6 1/2-1/2

[Event "Winter Chess"]
[Site "?"]
[Date "2014.01.03"]
[Round "7.5"]
[White "Hamitevici, Vladmir"]
[Black "Burnett, Andrew"]
[Result "1-0"]
[LiveChessVersion "1.4.2"]
[BlackElo "2209"]
[WhiteElo "2508"]

1. e4 {[%clk 1:30:43]} c5 {[%clk 1:30:47]} 2. d4 {[%clk 1:30:09]} cxd4
{[%clk 1:31:09]} 3. Nf3 {[%clk 1:30:27]} d6 {[%clk 1:30:59]} 4. Qxd4
{[%clk 1:30:49]} a6 {[%clk 1:29:53]} 5. h3 {[%clk 1:30:50]} Nc6 {[%clk 1:29:47]}
6. Qe3 {[%clk 1:30:51]} g6 {[%clk 1:27:23]} 7. c4 {[%clk 1:30:51]} Bh6
{[%clk 1:25:01]} 8. Qc3 {[%clk 1:30:53]} Qa5 {[%clk 1:25:06]} 9. Qxa5
{[%clk 1:25:01]} Nxa5 {[%clk 1:25:27]} 10. Bxh6 {[%clk 1:25:17]} Nxh6
{[%clk 1:25:49]} 11. Nc3 {[%clk 1:25:26]} b6 {[%clk 1:14:32]} 12. Nd5
{[%clk 1:24:03]} Rb8 {[%clk 1:13:42]} 13. b4 {[%clk 1:24:04]} e6 {[%clk 1:05:48]}
14. bxa5 {[%clk 1:23:40]} exd5 {[%clk 1:05:54]} 15. cxd5 {[%clk 1:23:01]} O-O
{[%clk 1:04:32]} 16. Bd3 {[%clk 1:19:58]} f5 {[%clk 1:00:45]} 17. Nd2
{[%clk 1:11:47]} fxe4 {[%clk 0:58:48]} 18. Bxe4 {[%clk 1:11:24]} bxa5
{[%clk 0:52:38]} 19. O-O {[%clk 1:11:26]} Rb4 {[%clk 0:52:16]} 20. f3
{[%clk 1:08:08]} a4 {[%clk 0:46:25]} 21. Rac1 {[%clk 0:58:36]} Nf5
{[%clk 0:45:41]} 22. Nc4 {[%clk 0:57:40]} Rxc4 {[%clk 0:43:14]} 23. Rxc4
{[%clk 0:58:04]} Ne3 {[%clk 0:43:33]} 24. Rxa4 {[%clk 0:57:09]} Bd7
{[%clk 0:43:43]} 25. Rb4 {[%clk 0:54:48]} Nxf1 {[%clk 0:43:51]} 26. Kxf1
{[%clk 0:55:12]} Bb5+ {[%clk 0:44:10]} 27. Kf2 {[%clk 0:55:16]} Rc8
{[%clk 0:43:44]} 28. a4 {[%clk 0:55:24]} Rc4 {[%clk 0:42:40]} 29. Rxc4
{[%clk 0:55:28]} Bxc4 {[%clk 0:43:05]} 30. a5 {[%clk 0:55:28]} Kg7
{[%clk 0:42:11]} 31. Ke3 {[%clk 0:54:08]} Kf6 {[%clk 0:41:37]} 32. f4
{[%clk 0:52:45]} g5 {[%clk 0:39:34]} 33. Kd4 {[%clk 0:48:36]} Bf1
{[%clk 0:35:33]} 34. fxg5+ {[%clk 0:49:01]} Kxg5 {[%clk 0:35:52]} 35. Bxh7
{[%clk 0:49:17]} Bxg2 {[%clk 0:36:05]} 36. Bd3 {[%clk 0:49:42]} 1-0

[Event "Winter Chess"]
[Site "?"]
[Date "2014.01.03"]
[Round "7.6"]
[White "McGowan, Daniel"]
[Black "Edwards, Jonathan"]
[Result "0-1"]
[LiveChessVersion "1.4.2"]
[BlackElo "2138"]
[WhiteElo "2146"]

1. e4 {[%clk 1:30:19]} e5 {[%clk 1:25:17]} 2. Nf3 {[%clk 1:30:28]} Nc6
{[%clk 1:25:40]} 3. Bb5 {[%clk 1:30:09]} a6 {[%clk 1:25:35]} 4. Ba4
{[%clk 1:30:15]} Nf6 {[%clk 1:25:58]} 5. O-O {[%clk 1:30:04]} b5 {[%clk 1:26:17]}
6. Bb3 {[%clk 1:30:22]} Be7 {[%clk 1:26:42]} 7. Re1 {[%clk 1:30:12]} O-O
{[%clk 1:26:50]} 8. c3 {[%clk 1:29:19]} d5 {[%clk 1:26:35]} 9. exd5
{[%clk 1:27:25]} Nxd5 {[%clk 1:26:39]} 10. d4 {[%clk 1:27:18]} exd4
{[%clk 1:23:10]} 11. Nxd4 {[%clk 1:26:07]} Nxd4 {[%clk 1:20:44]} 12. Qxd4
{[%clk 1:25:57]} Bb7 {[%clk 1:19:03]} 13. Bxd5 {[%clk 1:22:32]} Bxd5
{[%clk 1:19:05]} 14. Be3 {[%clk 1:19:10]} Bd6 {[%clk 1:10:12]} 15. Nd2
{[%clk 1:14:58]} c5 {[%clk 1:05:56]} 16. Qd3 {[%clk 1:13:38]} Bb7
{[%clk 0:58:15]} 17. Qf5 {[%clk 1:08:18]} Qc7 {[%clk 0:55:58]} 18. Nf1
{[%clk 1:06:02]} Rae8 {[%clk 0:48:56]} 19. Bd2 {[%clk 0:59:24]} Qc6
{[%clk 0:43:13]} 20. f3 {[%clk 0:58:52]} Bc8 {[%clk 0:43:07]} 21. Qc2
{[%clk 0:58:13]} c4 {[%clk 0:39:01]} 22. Rxe8 {[%clk 0:56:52]} Rxe8
{[%clk 0:39:06]} 23. Re1 {[%clk 0:56:00]} Qc5+ {[%clk 0:33:22]} 24. Kh1
{[%clk 0:53:57]} Rxe1 {[%clk 0:33:26]} 25. Bxe1 {[%clk 0:54:24]} Bf5
{[%clk 0:26:59]} 26. Qd2 {[%clk 0:52:08]} Bd3 {[%clk 0:25:40]} 27. Bg3
{[%clk 0:51:01]} Be7 {[%clk 0:22:43]} 28. Bf2 {[%clk 0:50:35]} Qg5
{[%clk 0:22:24]} 29. Qxg5 {[%clk 0:48:06]} Bxg5 {[%clk 0:22:47]} 30. Be3
{[%clk 0:46:16]} Bf6 {[%clk 0:21:52]} 31. Kg1 {[%clk 0:46:00]} b4
{[%clk 0:21:23]} 32. Bd2 {[%clk 0:45:56]} Bb1 {[%clk 0:20:54]} 33. a3
{[%clk 0:45:44]} bxa3 {[%clk 0:21:18]} 34. bxa3 {[%clk 0:46:09]} Be7
{[%clk 0:21:37]} 35. Bc1 {[%clk 0:45:47]} Bc5+ {[%clk 0:21:54]} 36. Ne3
{[%clk 0:45:53]} Bd3 {[%clk 0:21:30]} 37. Kf2 {[%clk 0:45:44]} Kf8
{[%clk 0:21:30]} 38. Ke1 {[%clk 0:45:06]} Ke8 {[%clk 0:21:24]} 39. Nd5
{[%clk 0:44:40]} a5 {[%clk 0:21:22]} 40. Ne3 {[%clk 0:39:35]} Kd7
{[%clk 0:21:21]} 41. Nd1 {[%clk 0:39:07]} Bc2 {[%clk 0:19:55]} 42. Ne3
{[%clk 0:38:47]} Bb3 {[%clk 0:18:53]} 43. Nf5 {[%clk 0:38:06]} Kc6
{[%clk 0:17:53]} 44. Nd4+ {[%clk 0:37:34]} Kd5 {[%clk 0:15:11]} 45. Bb2
{[%clk 0:36:13]} Ba4 {[%clk 0:14:43]} 46. Ke2 {[%clk 0:35:42]} Bd7
{[%clk 0:14:16]} 47. Kd2 {[%clk 0:34:33]} h5 {[%clk 0:13:26]} 48. Ke3
{[%clk 0:33:21]} g5 {[%clk 0:12:20]} 49. h3 {[%clk 0:32:08]} f5 {[%clk 0:10:34]}
50. Ke2 {[%clk 0:31:45]} f4 {[%clk 0:08:41]} 51. Kf2 {[%clk 0:31:06]} g4
{[%clk 0:07:09]} 52. hxg4 {[%clk 0:31:14]} hxg4 {[%clk 0:07:36]} 53. Ke2
{[%clk 0:30:11]} g3 {[%clk 0:05:48]} 54. Ke1 {[%clk 0:27:08]} Be8
{[%clk 0:05:36]} 55. Bc1 {[%clk 0:12:14]} Bg6 {[%clk 0:03:35]} 56. Ne2
{[%clk 0:11:48]} Kc6 {[%clk 0:30:23]} 57. Nxf4 {[%clk 0:41:51]} Bh7
{[%clk 0:28:42]} 58. Ne6 {[%clk 0:40:21]} Bf2+ {[%clk 0:28:59]} 59. Kd2
{[%clk 0:38:35]} Kb5 {[%clk 0:28:27]} 60. Nf4 {[%clk 0:34:36]} Ka4
{[%clk 0:28:04]} 61. Ne2 {[%clk 0:30:50]} Bd3 {[%clk 0:25:00]} 62. Nf4
{[%clk 0:30:40]} Bf1 {[%clk 0:24:42]} 63. Kc2 {[%clk 0:30:06]} Bc5
{[%clk 0:24:57]} 64. Kd1 {[%clk 0:27:39]} Bxa3 {[%clk 0:23:54]} 65. Bxa3
{[%clk 0:27:05]} Kxa3 {[%clk 0:24:19]} 66. Kc2 {[%clk 0:26:26]} a4
{[%clk 0:24:25]} 67. Kb1 {[%clk 0:22:31]} Kb3 {[%clk 0:23:36]} 68. Nh5
{[%clk 0:22:30]} Kxc3 {[%clk 0:23:50]} 69. Nxg3 {[%clk 0:22:43]} Bd3+
{[%clk 0:24:09]} 70. Ka2 {[%clk 0:22:12]} Kd2 {[%clk 0:24:24]} 0-1

[Event "Winter Chess"]
[Site "?"]
[Date "2014.01.03"]
[Round "7.7"]
[White "Bamber, Elaine"]
[Black "Grove, Michael"]
[Result "1-0"]
[LiveChessVersion "1.4.2"]
[BlackElo "2091"]
[WhiteElo "2119"]

1. e4 {[%clk 1:30:59]} e5 {[%clk 1:24:08]} 2. Nf3 {[%clk 1:31:25]} Nc6
{[%clk 1:24:30]} 3. Bc4 {[%clk 1:31:51]} Bc5 {[%clk 1:24:13]} 4. b4
{[%clk 1:31:09]} Bxb4 {[%clk 1:24:20]} 5. c3 {[%clk 1:31:36]} Ba5
{[%clk 1:21:55]} 6. d4 {[%clk 1:32:01]} exd4 {[%clk 1:19:57]} 7. O-O
{[%clk 1:32:26]} Nf6 {[%clk 1:11:48]} 8. e5 {[%clk 1:30:22]} d5 {[%clk 1:07:16]}
9. exf6 {[%clk 1:27:14]} dxc4 {[%clk 1:07:01]} 10. fxg7 {[%clk 1:27:37]} Rg8
{[%clk 1:06:07]} 11. Re1+ {[%clk 1:26:32]} Be6 {[%clk 1:05:52]} 12. Ng5
{[%clk 1:23:50]} Qf6 {[%clk 1:00:37]} 13. Nxe6 {[%clk 1:13:15]} fxe6
{[%clk 1:00:08]} 14. Qh5+ {[%clk 1:13:33]} Kd7 {[%clk 1:00:05]} 15. Bh6
{[%clk 1:10:53]} Rae8 {[%clk 0:56:46]} 16. Nd2 {[%clk 1:07:38]} Kc8
{[%clk 0:55:43]} 17. Ne4 {[%clk 1:07:19]} Qg6 {[%clk 0:52:31]} 18. Qxg6
{[%clk 1:06:34]} hxg6 {[%clk 0:52:57]} 19. Nf6 {[%clk 0:59:32]} Bxc3
{[%clk 0:50:07]} 20. Nxe8 {[%clk 0:59:57]} Rxe8 {[%clk 0:48:44]} 21. Rxe6
{[%clk 1:00:24]} Rg8 {[%clk 0:48:57]} 22. Rd1 {[%clk 0:58:26]} Kd7
{[%clk 0:47:01]} 23. Rxg6 {[%clk 0:57:11]} b5 {[%clk 0:45:08]} 24. Rf6
{[%clk 0:53:01]} Ne7 {[%clk 0:44:18]} 25. Rf8 {[%clk 0:27:24]} d3
{[%clk 0:43:03]} 26. h4 {[%clk 0:26:02]} b4 {[%clk 0:41:25]} 27. Rf4
{[%clk 0:23:05]} 1-0

[Event "Winter Chess"]
[Site "?"]
[Date "2014.01.03"]
[Round "7.8"]
[White "Kafka, Graeme"]
[Black "Brechin, Hugh"]
[Result "1/2-1/2"]
[LiveChessVersion "1.4.2"]
[BlackElo "2019"]
[WhiteElo "2054"]

1. Nf3 {[%clk 1:30:57]} c5 {[%clk 1:30:10]} 2. g3 {[%clk 1:31:02]} Nc6
{[%clk 1:29:54]} 3. Bg2 {[%clk 1:31:18]} e6 {[%clk 1:29:38]} 4. d3
{[%clk 1:31:23]} d5 {[%clk 1:29:29]} 5. O-O {[%clk 1:31:48]} g6 {[%clk 1:29:30]}
6. Nbd2 {[%clk 1:32:10]} Bg7 {[%clk 1:29:05]} 7. e4 {[%clk 1:32:01]} Nge7
{[%clk 1:29:10]} 8. Re1 {[%clk 1:29:58]} b6 {[%clk 1:27:54]} 9. e5
{[%clk 1:26:46]} Qc7 {[%clk 1:26:52]} 10. Qe2 {[%clk 1:27:11]} O-O
{[%clk 1:26:45]} 11. c3 {[%clk 1:24:28]} g5 {[%clk 1:26:59]} 12. Nxg5
{[%clk 1:16:45]} Qxe5 {[%clk 1:26:55]} 13. Nde4 {[%clk 1:04:46]} Ba6
{[%clk 1:22:47]} 14. h4 {[%clk 0:42:35]} dxe4 {[%clk 0:50:42]} 15. Bf4
{[%clk 0:39:49]} Bxd3 {[%clk 0:42:28]} 16. Bxe5 {[%clk 0:38:32]} Bxe2
{[%clk 0:42:49]} 17. Bxg7 {[%clk 0:38:59]} Kxg7 {[%clk 0:42:25]} 18. Rxe2
{[%clk 0:39:03]} 1/2-1/2